Network analysis and synthesis / (Record no. 185794)
[ view plain ]
| 000 -LEADER | |
|---|---|
| fixed length control field | 01059 a2200205 4500 |
| 003 - CONTROL NUMBER IDENTIFIER | |
| control field | Nust |
| 005 - DATE AND TIME OF LATEST TRANSACTION | |
| control field | 20221103154042.0 |
| 010 ## - LIBRARY OF CONGRESS CONTROL NUMBER | |
| LC control number | 62010924 |
| 020 ## - INTERNATIONAL STANDARD BOOK NUMBER | |
| International Standard Book Number | 9971512351 |
| 040 ## - CATALOGING SOURCE | |
| Transcribing agency | Nust |
| 082 ## - DEWEY DECIMAL CLASSIFICATION NUMBER | |
| Classification number | 621.3192,KUO |
| 100 ## - MAIN ENTRY--PERSONAL NAME | |
| Personal name | Kuo, Franklin F. |
| 245 ## - TITLE STATEMENT | |
| Title | Network analysis and synthesis / |
| Statement of responsibility, etc. | Franklin F. Kuo |
| 260 ## - PUBLICATION, DISTRIBUTION, ETC. | |
| Place of publication, distribution, etc. | Wiley |
| Name of publisher, distributor, etc. | New York |
| Date of publication, distribution, etc. | 1962 |
| 300 ## - PHYSICAL DESCRIPTION | |
| Extent | 413 p |
| Other physical details | illus |
| Dimensions | 24 cm |
| 505 ## - FORMATTED CONTENTS NOTE | |
| Formatted contents note | Signals and Systems (Page-1), Signals and Waveforms (Page-21), Differential Equations (Page-66), Network Analysis (I) (Page-89), The Fourier and Laplace Transforms (Page-166), Transform Methods in Network Analysis (Page-148), Poles and Zeros (Page-183), Network Analysis (II) (Page-224), Elements of Realizability Theory (Page-255), Synthesis of One-Port Networks With Two Kinds of Elements (Page-279), Elements of Transfer Function Synthesis (Page-304), Some Problems in Filter Design (Page-327), The Scattering Matrix (Page-365). |
| 600 ## - SUBJECT ADDED ENTRY--PERSONAL NAME | |
| Personal name | Kuo, Franklin F., |
| 650 ## - SUBJECT ADDED ENTRY--TOPICAL TERM | |
| Topical term or geographic name entry element | Network analysis and synthesis |
| 9 (RLIN) | 102335 |
| 942 ## - ADDED ENTRY ELEMENTS (KOHA) | |
| Source of classification or shelving scheme | |
| Koha item type | Book |
| Withdrawn status | Lost status | Source of classification or shelving scheme | Damaged status | Not for loan | Permanent Location | Current Location | Shelving location | Date acquired | Full call number | Barcode | Date last seen | Price effective from | Koha item type | Public note |
|---|---|---|---|---|---|---|---|---|---|---|---|---|---|---|
| Military College of Signals (MCS) | Military College of Signals (MCS) | General Stacks | 12/12/2016 | 621.3851,KUO | MCS27631 | 12/08/2016 | 12/12/2016 | Book | Almirah No.29, Shelf No.6 | |||||
| Military College of Signals (MCS) | Military College of Signals (MCS) | General Stacks | 12/12/2016 | 621.3851,KUO | MCS6230 | 12/08/2016 | 12/12/2016 | Book | Almirah No.29, Shelf No.6 |
